000
00315nam a22001457a 4500
003
SGT
020
_a
818627055-8
082
_a
668.5
_b
NAN
100
_a
NANDA, SANJU
245
_a
COSMETIC TECHONOLOGY
260
_a
INDIA
_b
BIRLA PUB.
_c
2027
300
_a
479
650
_a
COSMETIC TECHONOLOGY
942
_2
ddc
_c
BK
999
_c
33078
_d
33078